000 00731nam a2200181 4500
003 LK-CoMWRAF
005 20231220122530.0
008 231220b |||||||| |||| 00| 0 eng d
040 _aLK-CoMWRAF
_dLK-CoMWRAF
_eLK-CoMWRAF
041 _asin
082 _a371.4
_bSAM
100 _aසමරකෝන්, ප්‍රේෂා
245 _aඋපදේශනය හ වෘත්තිය මාර් ගෝපදේශය
246 _aUpadeshanaya ha wrurthiya margopadeshaya
260 _aකොළඹ :
_bශ්‍රී ලංකා අධ්‍යාපන ප්‍රවර්ධන සංගමය
_c1998
650 _aඋපදේශනය--වෘත්තිය මාර් ගෝපදේශය
942 _cBK
999 _c4539
_d4539